|
|
|
|
| LEADER |
00000nab a2200000 r4500 |
| 001 |
vtls011826642 |
| 003 |
SK-MaSNL |
| 005 |
20260305032658.0 |
| 008 |
181129c2018 xo mr|p|||||||000 b|slo |
| 015 |
|
|
|a SNBRB2018/09
|
| 038 |
|
|
|a PPPK
|
| 040 |
|
|
|a PPPKCL
|b slo
|e rda
|
| 041 |
0 |
|
|a slo
|
| 043 |
|
|
|a e-xo---
|a e-pl---
|
| 044 |
|
|
|a xo
|c SK
|
| 072 |
|
7 |
|a 625
|x Pozemné komunikácie. Železničné staviteľstvo
|2 konspekt
|
| 080 |
|
|
|a 625.711.4
|x (437.6)
|2 2011
|
| 080 |
|
|
|a 796.61
|2 2011
|
| 080 |
|
|
|a 316.4.063.3
|x (437.6+438)
|2 2011
|
| 245 |
0 |
0 |
|a Slávnostný podpis zmluvy o partnerstve na projekt Cesta okolo Tatier - 3. etapa
|
| 336 |
|
|
|a text
|b txt
|2 rdacontent
|
| 337 |
|
|
|a bez média
|b n
|2 rdamedia
|
| 338 |
|
|
|a zväzok
|b nc
|2 rdacarrier
|
| 500 |
|
|
|a Autor článku nie je uvedený.
|
| 610 |
2 |
7 |
|a Historicko-kultúrno-prírodná cesta okolo Tatier (projekt) - III. etapa
|2 pppkcl
|9 1328332
|
| 610 |
2 |
7 |
|a Cesta okolo Tatier (projekt)
|2 pppkcl
|9 1198270
|
| 610 |
2 |
7 |
|a Európske zoskupenie územnej spolupráce TATRY
|2 pppkcl
|9 1243041
|
| 648 |
|
7 |
|a 15.10.2018
|2 pppkcl
|9 1600099
|
| 650 |
0 |
7 |
|a cyklotrasy
|2 pppkcl
|9 87011
|
| 650 |
0 |
7 |
|a cyklistické chodníky
|2 pppkcl
|9 51014
|
| 650 |
0 |
7 |
|a cezhraničná spolupráca
|2 pppkcl
|9 4908
|
| 651 |
|
7 |
|a Spišská Belá (Slovensko)
|2 pppkcl
|9 16198
|
| 651 |
|
7 |
|a Kežmarok (Slovensko : okres)
|2 pppkcl
|9 51824
|
| 651 |
|
7 |
|a Nowy Targ (Poľsko)
|2 pppkcl
|9 54569
|
| 773 |
0 |
|
|t Spišskobeliansky spravodaj
|g Roč. 16, č. 10 (2018), s. 6
|x 1339-1534
|
| 852 |
|
|
|a PPPK
|b KIS3GCP
|
| 999 |
|
|
|c 3321113
|d 3323043
|